00386nam a22001337a 4500003000400000008004100004082001800045100002900063245008700092260003200179300000900211502001500220650001700235OSt260423b |||||||| |||| 00| 0 eng d a634.421bY-1I aYadav, Yadunandan Prasad aEffect of Nitrogen on Growth, Fruiting and Qualityy of Guava (Pisidium Gunjana L.) aPusa, SamastipurbRAUc1987 a53P. bMsc.d1987 aHorticulture